The withholding of payment (Record no. 74118)

MARC details
000 -LEADER
fixed length control field 01364cab a2200217 4500
001 - CONTROL NUMBER
control field ABS67394
008 - FIXED-LENGTH DATA ELEMENTS--GENERAL INFORMATION
fixed length control field 040205n2003 000 0 eng u
035 ## - SYSTEM CONTROL NUMBER
System control number (Sirsi) u125043
100 ## - MAIN ENTRY--PERSONAL NAME
Personal name Brewer, G.
245 #4 - TITLE STATEMENT
Title The withholding of payment
260 ## - PUBLICATION, DISTRIBUTION, ETC.
Date of publication, distribution, etc. 2003
490 ## - SERIES STATEMENT
Series statement Contract Journal
Volume/sequential designation 421(6455) 3 December 2003, 31(1)
520 ## - SUMMARY, ETC.
Summary, etc. Examines "Rupert Morgan Building Services (LLC) Ltd v David Jervis and another" ([2003] EWCA Civ 1563, Abs67216) concerning the operation of the Housing Grants, Construction and Regeneration Act 1996 s111 on withholding notices. Jervis (J) was unaware of the requirements of the Act and had not given notice of intention to withhold payment. Rupert Morgan (R) sued J, but J argued they could not be sued for what was not owed. CA ruled an interim certificate determined the sum due, not the actual work done and J were obliged to pay the amount certified. Concludes that if the paying party intends to dispute the amount it must serve a s111 withholding notice, regardless of the nature of the complaint.
590 ## - LOCAL NOTE (RLIN)
Local note ABS
650 ## - SUBJECT ADDED ENTRY--TOPICAL TERM
Topical term or geographic name entry element HOUSING GRANTS, CONSTRUCTION AND REGENERATION ACT 1996 S111
650 ## - SUBJECT ADDED ENTRY--TOPICAL TERM
Topical term or geographic name entry element WITHHOLDING NOTICES
650 ## - SUBJECT ADDED ENTRY--TOPICAL TERM
Topical term or geographic name entry element RUPERT MORGAN BUILDING SERVICES (LLC) LTD V JERVIS AND ANOTHER
650 ## - SUBJECT ADDED ENTRY--TOPICAL TERM
Topical term or geographic name entry element INTERIM CERTIFICATES
690 ## - LOCAL SUBJECT ADDED ENTRY--TOPICAL TERM (OCLC, RLIN)
Topical term or geographic name as entry element BUILT ENVIRONMENT-BUILDING CONTRACT FORMS
942 ## - ADDED ENTRY ELEMENTS (KOHA)
Suppress in OPAC 0
Holdings
Withdrawn status Lost status Source of classification or shelving scheme Damaged status Not for loan Home library Current library Shelving location Date acquired Total Checkouts Full call number Barcode Date last seen Copy number Price effective from Koha item type
    Dewey Decimal Classification     London London Journal article 05/02/2004   ABS67394 125043-1001 06/08/2019 1 06/08/2019 Journal article